| Tag |
First Indicator |
Second Indicator |
Subfields |
| LEADER |
00000cam a2200000La 4500 |
| 001 |
in00001738921 |
| 005 |
20220105120630.0 |
| 006 |
m u |
| 007 |
cr cn--------- |
| 008 |
020409s2000 enkb sb 001 0 eng d |
| 020 |
|
|
|a 0585395403 (electronic bk.)
|
| 035 |
|
|
|a (OCoLC)ocm49851711
|
| 040 |
|
|
|a N$T
|c N$T
|d OCLCQ
|d UtOrBLW
|
| 043 |
|
|
|a w------
|
| 049 |
|
|
|a IICA
|
| 050 |
1 |
4 |
|a SD418.3.T76
|b B37 2000eb
|
| 082 |
0 |
4 |
|a 333.75
|2 21
|
| 100 |
1 |
|
|a Barraclough, Solon,
|d 1922-2002.
|0 http://id.loc.gov/authorities/names/n82077818
|
| 245 |
1 |
0 |
|a Agricultural expansion and tropical deforestation :
|b poverty, international trade and land use /
|c Solon L. Barraclough and Krishna B. Ghimire.
|
| 264 |
|
1 |
|a London ;
|a Sterling, VA :
|b Earthscan,
|c 2000.
|
| 300 |
|
|
|a xvii, 150 pages :
|b maps ;
|c 24 cm.
|
| 336 |
|
|
|a text
|b txt
|2 rdacontent
|
| 337 |
|
|
|a computer
|b c
|2 rdamedia
|
| 338 |
|
|
|a online resource
|b cr
|2 rdacarrier
|
| 500 |
|
|
|a "UNRISD, WWF."
|
| 504 |
|
|
|a Includes bibliographical references (pages [141]-144) and index.
|
| 533 |
|
|
|a Electronic reproduction.
|b Boulder, Colo. :
|c NetLibrary,
|d 2002.
|n Available via World Wide Web.
|n Access may be limited to NetLibrary affiliated libraries.
|
| 500 |
|
|
|a Electronic resource.
|
| 650 |
|
0 |
|a Deforestation
|z Tropics.
|0 http://id.loc.gov/authorities/subjects/sh2009123093
|
| 650 |
|
0 |
|a Sustainable development.
|0 http://id.loc.gov/authorities/subjects/sh92005743
|
| 650 |
|
0 |
|a Agriculture
|x Economic aspects.
|0 http://id.loc.gov/authorities/subjects/sh85002427
|
| 650 |
|
0 |
|a Agriculture
|x Environmental aspects.
|0 http://id.loc.gov/authorities/subjects/sh90003962
|
| 655 |
|
7 |
|a Electronic books.
|2 local
|
| 700 |
1 |
|
|a Ghimire, K. B.
|q (Kléber Bertrand)
|0 http://id.loc.gov/authorities/names/n89166885
|
| 710 |
2 |
|
|a NetLibrary, Inc.
|0 http://id.loc.gov/authorities/names/no99080690
|
| 710 |
2 |
|
|a United Nations Research Institute for Social Development.
|0 http://id.loc.gov/authorities/names/n80082654
|
| 710 |
2 |
|
|a World Wide Fund for Nature.
|0 http://id.loc.gov/authorities/names/n85317279
|
| 776 |
1 |
|
|c Original
|z 1853836664
|
| 856 |
4 |
1 |
|u https://proxy.library.tamu.edu/login?url=http://www.netLibrary.com/urlapi.asp?action=summary&v=1&bookid=63144
|z Connect to the full text of this electronic book
|t 0
|
| 994 |
|
|
|a X0
|b IIC
|
| 999 |
|
|
|a MARS
|
| 999 |
f |
f |
|s a5563497-04fc-3387-b77f-c7fd39f6dda3
|i f9583a81-09b0-3d74-ae36-e93cca30d501
|t 0
|
| 952 |
f |
f |
|a Texas A&M University
|b College Station
|c Electronic Resources
|d Available Online
|t 0
|e SD418.3.T76 B37 2000eb
|h Library of Congress classification
|
| 998 |
f |
f |
|a SD418.3.T76 B37 2000eb
|t 0
|l Available Online
|